<?xml version="1.0" encoding="UTF-8"?>
<record
    xmlns:xsi="http://www.w3.org/2001/XMLSchema-instance"
    xsi:schemaLocation="http://www.loc.gov/MARC21/slim http://www.loc.gov/standards/marcxml/schema/MARC21slim.xsd"
    xmlns="http://www.loc.gov/MARC21/slim">

  <leader>02236nam a22003857u 4500</leader>
  <controlfield tag="001">pwiiw7346</controlfield>
  <controlfield tag="003">OSt</controlfield>
  <controlfield tag="005">20260516120037.0</controlfield>
  <controlfield tag="008">250625t2025    au ||||| |||| 00| ||eng d</controlfield>
  <datafield tag="040" ind1=" " ind2=" ">
    <subfield code="c">OSt</subfield>
  </datafield>
  <datafield tag="041" ind1=" " ind2=" ">
    <subfield code="a">eng</subfield>
  </datafield>
  <datafield tag="084" ind1=" " ind2=" ">
    <subfield code="a">F23</subfield>
    <subfield code="a">L23</subfield>
    <subfield code="a">O24</subfield>
    <subfield code="a">O33</subfield>
    <subfield code="a">O34</subfield>
    <subfield code="a">R58</subfield>
    <subfield code="a">Q55</subfield>
    <subfield code="2">jelc</subfield>
  </datafield>
  <datafield tag="100" ind1="1" ind2=" ">
    <subfield code="a">Castelli, Chiara</subfield>
  </datafield>
  <datafield tag="245" ind1="1" ind2="0">
    <subfield code="a">Harnessing FDI for innovation and green growth in the EU: Some evidence-based policy recommendations</subfield>
  </datafield>
  <datafield tag="260" ind1=" " ind2=" ">
    <subfield code="a">Wien :</subfield>
    <subfield code="b">Wiener Institut f&#xFC;r Internationale Wirtschaftsvergleiche (wiiw),</subfield>
    <subfield code="c">2025.</subfield>
  </datafield>
  <datafield tag="300" ind1=" " ind2=" ">
    <subfield code="a">17 S., </subfield>
    <subfield code="b">2 Figures,</subfield>
    <subfield code="c">30cm.</subfield>
  </datafield>
  <datafield tag="490" ind1="1" ind2=" ">
    <subfield code="a">wiiw Policy Notes and Reports</subfield>
    <subfield code="v">97</subfield>
  </datafield>
  <datafield tag="520" ind1=" " ind2=" ">
    <subfield code="a">Foreign direct investment (FDI) has become a driver of growth in both developed and developing countries, as it enables the transfer of know-how and advanced technologies to host economies. This policy note discusses how FDI can effectively support innovation and green growth within the European Union (EU). It focuses on the role of regulatory harmonisation and technological alignment as factors that can significantly influence the location decisions and effectiveness of FDI. Similarly, as spill-overs from foreign affiliates substantially enhance local innovation capabilities, particularly in green technologies, we argue in favour of policies enhancing domestic absorptive capacity and of policy mechanisms that can systematically integrate sustainability criteria into FDI screening processes. Aligning investment policies with regional technological strengths and green transition goals will enable the EU to leverage FDI strategically for sustainable economic growth and climate resilience.
</subfield>
  </datafield>
  <datafield tag="650" ind1=" " ind2=" ">
    <subfield code="a">FDI</subfield>
  </datafield>
  <datafield tag="650" ind1=" " ind2=" ">
    <subfield code="a">regulatory distance in NTMs</subfield>
  </datafield>
  <datafield tag="650" ind1=" " ind2=" ">
    <subfield code="a">technological proximity</subfield>
  </datafield>
  <datafield tag="650" ind1=" " ind2=" ">
    <subfield code="a">environmental technology</subfield>
  </datafield>
  <datafield tag="650" ind1=" " ind2=" ">
    <subfield code="a">regional spill-overs</subfield>
  </datafield>
  <datafield tag="651" ind1=" " ind2=" ">
    <subfield code="a">European Union</subfield>
  </datafield>
  <datafield tag="690" ind1=" " ind2=" ">
    <subfield code="a">International Trade, Competitiveness and FDI</subfield>
  </datafield>
  <datafield tag="700" ind1="1" ind2=" ">
    <subfield code="a">Davies, Ronald B.</subfield>
  </datafield>
  <datafield tag="700" ind1="1" ind2=" ">
    <subfield code="a">Fl&#xF3;rez Mendoza, Javier</subfield>
  </datafield>
  <datafield tag="700" ind1="1" ind2=" ">
    <subfield code="a">Ghodsi, Mahdi</subfield>
  </datafield>
  <datafield tag="700" ind1="1" ind2=" ">
    <subfield code="a">Guadagno, Francesca</subfield>
  </datafield>
  <datafield tag="700" ind1="1" ind2=" ">
    <subfield code="a">Micocci, Francesca</subfield>
  </datafield>
  <datafield tag="700" ind1="1" ind2=" ">
    <subfield code="a">Rungi, Armando</subfield>
  </datafield>
  <datafield tag="830" ind1=" " ind2="0">
    <subfield code="v">97</subfield>
    <subfield code="w">WIIW0000092</subfield>
    <subfield code="t">wiiw Policy Notes and Reports</subfield>
  </datafield>
  <datafield tag="856" ind1="4" ind2="0">
    <subfield code="u">https://wiiw.ac.at/p-7346.html</subfield>
  </datafield>
  <datafield tag="942" ind1=" " ind2=" ">
    <subfield code="c">P</subfield>
  </datafield>
  <datafield tag="999" ind1=" " ind2=" ">
    <subfield code="c">9141</subfield>
    <subfield code="d">9141</subfield>
  </datafield>
  <datafield tag="952" ind1=" " ind2=" ">
    <subfield code="0">0</subfield>
    <subfield code="1">0</subfield>
    <subfield code="4">0</subfield>
    <subfield code="7">0</subfield>
    <subfield code="a">BIB</subfield>
    <subfield code="b">BIB</subfield>
    <subfield code="c">1</subfield>
    <subfield code="d">2025-06-25</subfield>
    <subfield code="i">pwiiw7346</subfield>
    <subfield code="l">0</subfield>
    <subfield code="o">97</subfield>
    <subfield code="p">1000010007346</subfield>
    <subfield code="r">2025-06-25 00:00:00</subfield>
    <subfield code="w">2025-06-25</subfield>
    <subfield code="y">P</subfield>
  </datafield>
</record>
